| 000 | 00635nam a22001937a 4500 | ||
|---|---|---|---|
| 005 | 20170908135256.0 | ||
| 010 | _aENG-120366 | ||
| 020 |
_a8190359916 _c590.00 |
||
| 035 | _aEN-103898 | ||
| 037 | _bDBAD/PUB | ||
| 082 | _a230.6511 | ||
| 100 | _aKhurshid ul Islam,S | ||
| 245 |
_aInstitution of marriage in Kashmir / _cby S.Khurshid ul Islam |
||
| 260 |
_aSrinagar _bWattan Publications _c2009 |
||
| 270 |
_a 17,Shri Chandra Chinar Complex,opp.woman college,M.A.Poad _bSrinagar _e190001 |
||
| 300 |
_avii,224p.: _c23cm(Hb) _bill |
||
| 500 | _aIncludes bibliographical reference | ||
| 942 |
_2ddc _cEN _h230.6511 _mKHU |
||
| 999 |
_c144213 _d144213 |
||